| 000 | 00518cam a22001577a 4500 | ||
|---|---|---|---|
| 008 | 180718b1993 xxu||||| |||| 00| 0 eng d | ||
| 082 | _aAPPPA 1992-93 AND | ||
| 100 | _aAndrews, Nirmal N. | ||
| 245 |
_aIndian federal polity: a critical analysis of the vision of founding fathers _cby Nirmal N. Andrews |
||
| 260 |
_aNew Delhi _bIndian Institute of Public Administration _c1993 |
||
| 300 | _a92p. | ||
| 500 | _aAPPPA Thesis 1992-93 | ||
| 650 | _aAPPPA | ||
| 650 | _aFederalism | ||
| 650 | _aConstitutional Law - India | ||
| 999 |
_c476079 _d476079 |
||